| 000 | 00488nam a2200181Ia 4500 | ||
|---|---|---|---|
| 001 | 932 | ||
| 005 | 20260306140554.0 | ||
| 008 | 260306t1998||||xx |||||||||||||| ||spa|| | ||
| 041 | _aESP | ||
| 082 |
_a174.4 _bM41B |
||
| 100 |
_aMelé Carné, Domènec _eAUT |
||
| 245 | 0 |
_aÉtica en dirección comercial y publicidad: _bVII coloquio de ética empresarial y económica |
|
| 260 | _c1998 | ||
| 300 |
_a337 páginas : _c23 cm. |
||
| 650 | _aGEN | ||
| 654 | _aCHU | ||
| 942 |
_cLIB _dJUS _fJUS _2ddc _n |
||
| 999 |
_c932 _d932 |
||